01492 a2200193 450000100040000000500170000400800410002100300150006204000400007708001040011724500860022102000220030725000110032926400430034030000220038350507580040510000300116385601050119322720260407155414.0260407a2010 arg spa dAR-UNSa-BCEJYS aAR-UNSa-BCEJYSbspacAR-UNSa-BCEJYS a351.72xFinanzas públicas. Legislación (Contabilidad Pública, Administración financiera...)10aEstado eficientepAdministración financiera gubernamental. un enfoque sistemico a978-987-1577-29-3 a3a. ed 1aBuenos Aires :bOsmar D. Buyattic2010 axl, 660 p.c22 cm a1. Administración financiera gubernamental. Un enfoque integral - 2. Las escuelas de administración y su influencia en el pensamiento gubernamental - 3. El proceso sistémico de toma de decisiones - 4. Visión sistémica aplicable en la doctrina de la administración financiera gubernamental - 5. El complejo universo del presupuesto - 6. Restricciones y condicionantes de la programación presupuestaria - 7. Un enfoque presupuestario productivo - 8. Clasificadores presupuestarios de gastos - 9. Técnicas de estimación del gasto corriente - 10. Técnicas de estrimación de erogaciones de capital - 11. Técnicas de estimación de recursos - 12. Evaluación del gasto y medición de resultados 13. La formulación del presupuesto 1 aLas Heras, José María41uhttps://biblioeco.unsa.edu.ar/pmb/images/libros/Estado Eficiente2.jpgyImagen de portadaqimage/jpeg